000 02608cam a22004814i 4500
003 PE-LiUPU
005 20250731173542.0
008 150616s1969 waua r 000 0 eng d
035 _a(Sirsi) a9067
040 _aPE-LiUPU
_bspa
_cPE-LiUPU
_erda
049 _aPRUA
082 0 4 _a253.7307
_bW33
_221
100 1 _aWeeks, Howard B.,
_eautor.
245 1 0 _aAdventist Evangelism :
_bin the twentieth century /
_c[por] Howard B. Weeks.
264 1 _aWashington :
_bReview & Herald Publishing Association,
_c1969.
300 _a320 páginas :
_bilustraciones ;
_c22 centímetros
336 _atext
_2rdacontent
337 _aunmediated
_2rdamedia
338 _avolume
_2rdacarrier
505 _aI the of providence turns -- II a decisive confrontation -- III commitment to evangelism -- IV needed: acompetent, coordinated ministry -- V evangelistic advence:1911-1915 -- VI prelude to success -- VII 1916 evangelistic breakthrough -- VIII postwar recession and reappraisal -- IX postwar evangelism: an evangelistic boom -- IX postwar evangelism: a continues march -- X the great depression: depression : an evangelistic boom -- XI men and methods of the 1930´s -- XII world war II: amore institutional approach -- XIII world war II: evangelistis in action -- XIV evangelistic in America´s postwar revival -- XV an evangelistic-institutional synthesis -- XVI since 1955: era of innovation -- XVII contemporary attitudes toward evangelism -- XVIII protest and progression -- XIX a time to advence.
526 _aSEG42
526 _aSEG41
526 _aSEG40
526 _aSEG39
526 _aP94
526 _aP87
526 _aP86
526 _aP85
526 _aP77
526 _aP76
526 _aP35
650 1 4 _aAdventistas del Séptimo Día
_xDoctrinas.
650 2 4 _aEvangelismo.
_9953
910 _ajck
_bjvq
_cjck
942 _2ddc
_cBOOK
949 _a253.7307 W33
_wDEWEY
_c1
_i42636
_lCCODEBUL1
_mBUL
_p40.00
_r0
_sY
_tBOOK
_u19970220
_xBIBLIOTECA
_zUNKNOWN
_0COMPRA
_o.STAFF. Colección Teología
994 _aC0
_bPEPRU
596 _a1 4
999 _a253.7307 W33
_wDEWEY
_c60480
_i75667
_d60480
_e2019-1-29
_f2021-11-10
_g4
_lCCODEBUL1
_mBUL
_n1
_p15.00
_r0
_sY
_tBOOK
_u2017-5-8
_xTEOLOGIA
_PP85
_0DONACION
_o.STAFF. Colección Teología
999 _a253.7307 W33
_wDEWEY
_c1
_i42636
_d2016-1-10
_e2016-1-10
_f2019-12-10
_g4
_lCCODECWL1
_mBWL
_n1
_p40.00
_r1
_sY
_tBOOK
_u2015-6-16
_xTEOLOGIA
_PP35
_0COMPRA
_o.STAFF. Colección Teología
980 _81
_gALBERTO SANCHEZ Responsable de Automatización